Prístupy k meraniu efektívnosti verejných financií bakalárska práca

Uložené v:
Podrobná bibliografia
Hlavný autor: Kropáč, Ondrej
Korporativný autor: Národohospodárska fakulta EU. Katedra financií
Ďalší autori: Péliová, Jana, 1976-
Médium: Kniha
Jazyk:Slovak
Vydavateľské údaje: Bratislava 2012
Tagy: Pridať tag
Žiadne tagy, Buďte prvý, kto otaguje tento záznam!

MARC

LEADER 00000nbm a2200000 4500
001 0156049
005 20161109111934.7
041 0 |a slo 
044 |a SK 
245 1 0 |a Prístupy k meraniu efektívnosti verejných financií  |b bakalárska práca  |c Ondrej Kropáč ; školiteľ: Jana Péliová 
264 1 |a Bratislava  |c 2012 
300 |a 39 s. 
100 1 |a Kropáč, Ondrej 
700 1 |a Péliová, Jana, 1976- 
710 2 |a Národohospodárska fakulta EU. Katedra financií